Breve historia del progreso : ¿hemos aprendido por fin las lecciones del pasado? /

Reflexión sobre el devenir de las civilizaciones y los errores que explican la caída y/o extinción de culturas sucesivas, con el fin de plantear la prospectiva que se dibuja para el mundo actual.

Uloženo v:
Podrobná bibliografie
Hlavní autor: Wright, Ronald (autor)
Médium: Kniha
Jazyk:španělština
Vydáno: Barcelona, España : Urano, 2006, c2006
Edice:(Tendencias Urano)
Témata:
Tagy: Přidat tag
Žádné tagy, Buďte první, kdo vytvoří štítek k tomuto záznamu!

MARC

LEADER 00000nam^a2200000^a^4500
001 000192354
005 20250521000000.0
009 20260310102603.31
020 |a 84-934642-2-8 
037 |a Acervo ITESO - Biblioteca 
041 |a ESP 
082 |a 909.  |b WRI 
100 |a Wright, Ronald  |e (autor) 
245 1 0 |a Breve historia del progreso :  |b ¿hemos aprendido por fin las lecciones del pasado? /  |c R. Wright ; tr. por J.A. Bravo. 
264 4 |a Barcelona, España :  |b Urano,  |c 2006, c2006 
300 |a 222 p. 
336 |a texto  |b txt  |2 rdacontenido 
337 |a sin mediación  |b n  |2 rdamedio 
338 |a volumen  |b nc  |2 rdasoporte 
440 1 |a (Tendencias Urano) 
500 |a Traducción de: A Short History of Progress 
520 |a Reflexión sobre el devenir de las civilizaciones y los errores que explican la caída y/o extinción de culturas sucesivas, con el fin de plantear la prospectiva que se dibuja para el mundo actual. 
649 |a XX 
650 |a Desarrollo Económico-Social -  |x Tema Principal 
650 |a Desarrollo Económico-Social -  |x Teoría 
650 |a Desarrollo Económico-Social -  |x Historia 
650 |a Desarrollo Económico-Social -  |x Teoría 
650 |a Desarrollo Económico-Social -  |x Historia 
650 |a Prospectiva 
650 |a Historia -  |x Filosofía -  |x Tema Principal 
650 |a Historia Universal 
910 |a Fondo General 
920 |a Impresos - Libros 
930 |a Colección General 
905 |a 101 
901 |a 0500136098  |b IT1  |c ACC  |u 20250521 
902 |a https://opac.biblio.iteso.mx/vufind/Record/000192354